大阪・関西万博パビリオンクイズ - Statistics

General Stats
  • This quiz has been taken 24 times
  • The average score is 49 of 102
Answer Stats
ヒント 答え % Correct
P11 アメリカ
95%
C03 ドイツ
85%
S09 イタリア・バチカン
85%
C04 大韓民国
80%
C14 サウジアラビア
80%
S22 英国
80%
P12 フランス
80%
P26 ブラジル
80%
P28 中国
80%
C12 タイ
75%
C13 スペイン
75%
C22 エジプト
75%
S08 ベルギー
75%
P35 トルクメニスタン
75%
C11 トルコ
70%
C15 オーストラリア
70%
C17 インド(バーラト)
70%
C20 バングラデシュ
70%
P15 ベトナム
70%
P19 カナダ
70%
P20 ポルトガル
70%
P23 オーストリア
70%
P03 コモンズA
70%
C23 コモンズB
70%
S01 コモンズC
70%
S14 コモンズD
70%
C16 インドネシア
65%
S13 オランダ
65%
S20 ポーランド
65%
P17 カタール
65%
P18 アラブ首長国連邦
65%
W02 TECH WORLD
65%
C19 セルビア
60%
S03 チュニジア
60%
S11 シンガポール
60%
S21 ルーマニア
60%
P01 アイルランド
60%
P02 マレーシア
60%
P04 ヨルダン
60%
P22 スイス
60%
P38 チェコ
60%
C01 ネパール
55%
C07 アゼルバイジャン
55%
S12 ブルガリア
55%
S15 オマーン
55%
P09 フィリピン
55%
P27 クウェート
55%
P36 北欧館
55%
C05 コモンズF
55%
C02 ルクセンブルク
50%
C18 ウズベキスタン
50%
S02 チリ
50%
S16 ハンガリー
50%
P21 コロンビア
50%
P34 バーレーン
50%
E01 関西パビリオン
50%
E10 日本館
50%
C10 モナコ
45%
S04 カンボジア
45%
S05 アルジェリア
45%
S06 バルト
45%
P05 ペルー
45%
P08 モザンビーク
45%
X04 null^2
45%
S23 アンゴラ
40%
P16 ミャクミャクハウス
40%
E06 パナソニックグループパビリオン「ノモの国」
40%
E07 住友館
40%
W07 GUNDM NEXT FUTURE PAVILION
40%
W10 よしもと waraii myraii館
40%
C09 夜の地球
35%
P37 マルタ
35%
C21 セネガル
30%
P30 国連
30%
P31 国際赤十字・赤新月運動館
30%
X03 いのちの遊び場 クラゲ館
30%
W04 飯田グループ×大阪公立大学共同出展館
30%
E05 三菱未来館
30%
X08 Dialogue Theater -いのちのあかし-
30%
E02 大阪ヘルスケアパビリオン Nest for Reborn
30%
W09 PASONA NATUREVERSE
30%
W03 カスパビリオン おばけワンダーランド
25%
E08 電力館 可能性のタマゴたち
25%
X07 EARTH MART
25%
E09 ウーマンズパビリオンin collaboration with Cartier
25%
P07 空飛ぶクルマステーション
20%
P29 国際機関館
20%
X02 いのちの未来
20%
W06 BLUE OCEAN DOME
20%
S07 欧州連合(EU)
20%
L05 未来の都市
15%
E03 NTTパビリオン
15%
W05 ORA外食パビリオン「宴~UTAGE~」
15%
X05 いのち動的平衡館
10%
X06 いのちめぐる冒険
10%
L08 万博サウナ「太陽のつぼみ」
10%
L03 TEAM EXPO
10%
W01 テーマウィークスタジオ
5%
L04 モビリティエクスペリエンス
5%
X01 Better-Co-Being
5%
L07 ジュニアSDGsキャンプ
5%
L02 フューチャーライフエクスペリエンス
0%
No matching quizzes found
Score Distribution
Percent of People with Each Score
Percentile by Number Answered
Your Score History
You have not taken this quiz